000 01015nam a22002897a 4500
999 _c21447
_d21447
003 AR-CdUCM
008 190220b ||||| |||| 00| 0 spa d
020 _a9789972515705
040 _aMUNICIPALIDAD PROVINCIAL DEL CUSCO
_cBIBLIOTECA MUNICIPAL DEL CUSCO
082 _a301.092/D45
_bD45
100 _aDegregori, Carlos Iván
_947
245 _aGuerra de mudos : entrevistas y diálogos /
_cCarlos Iván Degregori ; editores académicos, Pablo Sandoval, José Carlos Aguero
260 _aLima :
_bInstituto de Estudios Peruanos, IEP,
_c2016.
300 _a460 páginas ;
_c24 cm.
440 _aSerie Ideología y Política,
_n50.
_944799
500 _aIncluye referencias bibliográficas.
650 _aPolítica
_9291
650 _aCultura
_9126
650 _aViolencia
_944800
650 _aSociedad
_953
650 _aDerechos humanos
_93264
650 _aEntrevistas
_913760
650 _aPerú
_944795
710 _aInstituto de Estudios Peruanos (Lima)
_99759
942 _2ddc
_cLIBROS
945 _aRoel